00256nam a22000977a 4500020001800000082001300018100002200031245004700053260004900100300000900149 a9781107038189 a320.5570 aIqbal Singh Sevea aThe Political Philosophy of Muhammad Iqbal aNew delhibCambridge university pressc2012. a234p